Geography Quiz

Random Geography or City Quiz

City Population (by one letter) Quiz Stats

 Plays Quiz not verified by Sporcle

Also try: Mystery Capitals
Challenge
Share
Tweet
Score 0/123 Timer 10:00
0 Plays Today
Letter: City: % Correct
E:New York (#1)
94.4%
K:New York (#1)
94.4%
N:New York (#1)
94.4%
O:New York (#1)
94.4%
R:New York (#1)
94.4%
W:New York (#1)
94.4%
Y:New York (#1)
94.4%
A:Los Angeles (#2)
92.2%
A:Chicago (#3)
92.2%
G:Los Angeles (#2)
92.2%
G:Chicago (#3)
92.2%
H:Chicago (#3)
92.2%
I:Chicago (#3)
92.2%
N:Los Angeles (#2)
92.2%
O:Los Angeles (#2)
92.2%
O:Chicago (#3)
92.2%
A:San Diego (#8)
91.1%
D:San Diego (#8)
91.1%
E:San Diego (#8)
91.1%
G:San Diego (#8)
91.1%
I:San Diego (#8)
91.1%
N:San Diego (#8)
91.1%
O:San Diego (#8)
91.1%
S:San Diego (#8)
91.1%
B:Boston (#23)
90%
D:Denver (#19)
90%
R:Denver (#19)
90%
T:Boston (#23)
90%
V:Denver (#19)
90%
H:Houston (#4)
88.9%
N:Houston (#4)
88.9%
S:Houston (#4)
88.9%
T:Houston (#4)
88.9%
U:Houston (#4)
88.9%
E:Phoenix (#6)
87.8%
F:San Francisco (#13)
87.8%
H:Phoenix (#6)
87.8%
I:Phoenix (#6)
87.8%
N:Phoenix (#6)
87.8%
O:Phoenix (#6)
87.8%
P:Phoenix (#6)
87.8%
Letter: City: % Correct
R:San Francisco (#13)
87.8%
X:Phoenix (#6)
87.8%
A:Austin (#11)
86.7%
D:Philadelphia (#5)
86.7%
D:Dallas (#9)
86.7%
E:Philadelphia (#5)
86.7%
I:San Antonio (#7)
86.7%
I:Austin (#11)
86.7%
S:San Antonio (#7)
86.7%
S:Dallas (#9)
86.7%
S:Austin (#11)
86.7%
T:San Antonio (#7)
86.7%
T:Austin (#11)
86.7%
U:Austin (#11)
86.7%
J:Jackson (#148)
85.6%
K:Kansas City (#36)
85.6%
P:Portland (#26)
85.6%
T:Portland (#26)
85.6%
Y:Kansas City (#36)
85.6%
C:Jacksonville (#12)
84.4%
C:Oklahoma City (#27)
84.4%
J:Jacksonville (#12)
84.4%
K:Jacksonville (#12)
84.4%
K:Oklahoma City (#27)
84.4%
L:Seattle (#18)
84.4%
M:Oklahoma City (#27)
84.4%
V:Jacksonville (#12)
84.4%
Y:Oklahoma City (#27)
84.4%
G:Las Vegas (#28)
83.3%
V:Las Vegas (#28)
83.3%
A:San Jose (#10)
82.2%
B:Columbus (#15)
82.2%
C:Columbus (#15)
82.2%
D:Indianapolis (#14)
82.2%
E:San Jose (#10)
82.2%
J:San Jose (#10)
82.2%
L:Indianapolis (#14)
82.2%
L:Columbus (#15)
82.2%
M:Columbus (#15)
82.2%
P:Indianapolis (#14)
82.2%
B:Albuquerque (#32)
81.1%
Letter: City: % Correct
C:Charlotte (#17)
81.1%
H:Charlotte (#17)
81.1%
K:Milwaukee (#31)
81.1%
L:Charlotte (#17)
81.1%
M:Milwaukee (#31)
81.1%
Q:Albuquerque (#32)
81.1%
R:Charlotte (#17)
81.1%
R:Detroit (#21)
81.1%
U:Milwaukee (#31)
81.1%
W:Milwaukee (#31)
81.1%
B:Baltimore (#29)
80%
M:Baltimore (#29)
80%
P:Memphis (#24)
80%
V:Nashville (#25)
78.9%
W:New Orleans (#49)
78.9%
F:Fort Worth (#16)
76.7%
H:Fort Worth (#16)
76.7%
W:Fort Worth (#16)
76.7%
C:Tucson (#33)
75.6%
U:Tucson (#33)
75.6%
J:Jersey City (#75)
74.4%
L:El Paso (#20)
74.4%
P:El Paso (#20)
74.4%
F:Fresno (#34)
72.2%
M:Sacramento (#35)
71.1%
W:Wichita (#48)
71.1%
U:Louisville (#30)
67.8%
V:Louisville (#30)
67.8%
F:Fort Wayne (#77)
62.2%
Y:Fort Wayne (#77)
62.2%
X:Lexington (#61)
58.9%
B:Long Beach (#37)
57.8%
G:Long Beach (#37)
57.8%
X:Knoxville (#129)
56.7%
J:Joliet (#176)
54.4%
F:Bakersfield (#52)
53.3%
X:Sioux Falls (#145)
51.1%
Z:Elizabeth (#210)
42.2%
Q:Mesquite (#181)
34.4%
X:Oxnard (#108)
34.4%
Y:Moreno Valley (#109)
21.1%

You're not logged in!

Compare scores with friends on all Sporcle quizzes.
Join for Free
OR
Log In

You Might Also Like...

Show Comments

Extras

Top Quizzes Today


Score Distribution

Your Account Isn't Verified!

In order to create a playlist on Sporcle, you need to verify the email address you used during registration. Go to your Sporcle Settings to finish the process.

Report this User

Report this user for behavior that violates our Community Guidelines.

Details: